[Event "SR 3. liga A2 2011/2012"]
[Site "?"]
[Date "2012.03.04"]
[Round "10.2"]
[White "Kovacocy, Pavel"]
[Black "Horak, Ivan"]
[Result "1/2-1/2"]
[WhiteElo "2231"]
[BlackElo "2073"]
[PlyCount "124"]
[EventDate "2011.??.??"]

1. e4 c5 2. d3 Nc6 3. g3 g6 4. Bg2 Bg7 5. f4 e6 6. Nf3 Nge7 7. O-O O-O 8. c3 b6
9. Be3 Bb7 10. Bf2 d6 11. Re1 Qd7 12. Na3 d5 13. e5 f5 14. exf6 Bxf6 15. Qe2
Kf7 16. Nc2 Rae8 17. d4 c4 18. Ne3 Nf5 19. Ng4 Kg8 20. Qc2 b5 21. Re2 Bc8 22.
Rae1 Qf7 23. Qxf5 gxf5 24. Nh6+ Kg7 25. Nxf7 Kxf7 26. h3 h5 27. Nh2 Rh8 28. Bf3
Bd7 29. Be3 Reg8 30. Rg2 a5 31. a3 b4 32. axb4 axb4 33. Ra1 b3 34. Kf2 h4 35.
g4 fxg4 36. hxg4 Ra8 37. Rgg1 Ne7 38. Bg2 h3 39. Bh1 Bh4+ 40. Ke2 Ra2 41. Rxa2
bxa2 42. Ra1 Ra8 43. Nf3 Bf6 44. Kf1 Ra4 45. Ne1 Nc6 46. Nc2 Be7 47. Na3 Bxa3
48. Rxa2 Nxd4 49. Rxa3 Rxa3 50. bxa3 Nb5 51. Bd2 Nxa3 52. Kf2 Ba4 53. Kg3 Nb1
54. Be1 d4 55. cxd4 c3 56. Be4 c2 57. Bxc2 Bxc2 58. Kxh3 Na3 59. Kh4 Kg6 60.
Kg3 Be4 61. Ba5 Nc2 62. Bb6 Bd5 1/2-1/2

[Event "SR 3. liga A2 2011/2012"]
[Site "?"]
[Date "2012.03.04"]
[Round "10.2"]
[White "Kovarik, Oto"]
[Black "Liptak, Tomas"]
[Result "1-0"]
[WhiteElo "2018"]
[BlackElo "2103"]
[PlyCount "83"]
[EventDate "2011.??.??"]

1. e4 d6 2. d4 Nd7 3. Nf3 c6 4. c4 e5 5. Nc3 Ngf6 6. Be2 Be7 7. O-O Qc7 8. h3
Nf8 9. Be3 h6 10. b4 Ne6 11. Qb3 Nf4 12. Bxf4 exf4 13. b5 O-O 14. a4 Re8 15.
Bd3 Nh7 16. a5 Bd7 17. Rfc1 Ng5 18. Be2 Bf6 19. Nxg5 Bxg5 20. Bf3 Rab8 21. Ne2
Qd8 22. Qd3 g6 23. Nc3 h5 24. Re1 Bf6 25. a6 Qb6 26. Red1 cxb5 27. cxb5 Bg7 28.
axb7 Qxb7 29. e5 Qc7 30. Nd5 Qd8 31. exd6 Bxb5 32. Qa3 Re6 33. Nxf4 Rxd6 34.
Rab1 Rxd4 35. Qxa7 Rxd1+ 36. Rxd1 Qe8 37. Bd5 Rc8 38. Nxg6 Bf6 39. Nf4 h4 40.
Qb6 Ba4 41. Rf1 Bg5 42. Qg6+ 1-0

[Event "SR 3. liga A2 2011/2012"]
[Site "?"]
[Date "2012.03.04"]
[Round "10.2"]
[White "Liptak, Dusan"]
[Black "Sefcik, Marek"]
[Result "0-1"]
[WhiteElo "2075"]
[BlackElo "2016"]
[PlyCount "80"]
[EventDate "2011.??.??"]

1. e4 d5 2. e5 Bf5 3. g4 Bg6 4. Bg2 e6 5. Ne2 h5 6. Nf4 Qg5 7. d4 Qxg4 8. Qxg4
hxg4 9. Nxg6 fxg6 10. Bf4 Nc6 11. c3 Nce7 12. Bf1 Nf5 13. Be2 Ngh6 14. Nd2 Be7
15. Nf1 g5 16. Bd2 c5 17. dxc5 Bxc5 18. Bxg5 Nf7 19. Bf4 g5 20. Bd2 Nxe5 21.
Bxg5 Rg8 22. Bf4 Bd6 23. Bxe5 Bxe5 24. Rg1 Nh6 25. Rg2 Bf4 26. Ne3 Bxe3 27.
fxe3 Ke7 28. Kd2 Rg7 29. h3 g3 30. Bg4 Rf8 31. Be2 Nf5 32. Rag1 Nd6 33. Bd3
Rfg8 34. e4 dxe4 35. Be2 Nf5 36. Bg4 Rd8+ 37. Ke1 Rd3 38. Be2 Rf3 39. Kd1 Ne3+
40. Kd2 Nxg2 0-1

[Event "SR 3. liga A2 2011/2012"]
[Site "?"]
[Date "2012.03.04"]
[Round "10.2"]
[White "Vach, Jozef"]
[Black "Cechovic, Stefan"]
[Result "0-1"]
[WhiteElo "1861"]
[BlackElo "2159"]
[PlyCount "59"]
[EventDate "2011.??.??"]

1. d4 f5 2. g3 Nf6 3. Bg2 e6 4. Nf3 d5 5. O-O Be7 6. Nbd2 Nbd7 7. c4 c6 8. b3
O-O 9. Bb2 Qe8 10. Ne5 Nxe5 11. dxe5 Ng4 12. Rc1 Qh5 13. h3 Nh6 14. e3 Qf7 15.
h4 Kh8 16. Nf3 Bd7 17. Qd2 Ng4 18. Nh2 Nxh2 19. Kxh2 Rfd8 20. c5 h6 21. Rc2 g5
22. hxg5 hxg5 23. Rh1 Kg7 24. Qe2 Rh8+ 25. Kg1 Rxh1+ 26. Bxh1 Rh8 27. f4 Rh3
28. Kf2 gxf4 29. exf4 Qg6 30. Rc3 {necitatelne partiare} 0-1

[Event "SR 3. liga A2 2011/2012"]
[Site "?"]
[Date "2012.03.04"]
[Round "10.2"]
[White "Sarmir, Milos"]
[Black "Husek, Lubomir"]
[Result "1-0"]
[WhiteElo "2048"]
[BlackElo "1768"]
[PlyCount "57"]
[EventDate "2011.??.??"]

1. e4 c5 2. Nf3 Nc6 3. d4 cxd4 4. Nxd4 Nf6 5. Nc3 e5 6. Nxc6 bxc6 7. Bd3 Bb7 8.
O-O Be7 9. Qe2 O-O 10. Kh1 Re8 11. Bg5 h6 12. Bh4 Nh7 13. Bg3 Bf6 14. Rad1 Nf8
15. Bc4 Qe7 16. Qh5 d6 17. Rxd6 g6 18. Qd1 Kg7 19. f4 Rad8 20. fxe5 Rxd6 21.
exd6 Qd8 22. e5 Nd7 23. exf6+ Nxf6 24. Qd4 c5 25. Qxc5 Qa8 26. Rxf6 Bxg2+ 27.
Kg1 Rc8 28. Qd4 Kg8 29. Rxg6+ 1-0

[Event "SR 3. liga A2 2011/2012"]
[Site "?"]
[Date "2012.03.04"]
[Round "10.2"]
[White "Hrubos, Milan"]
[Black "Vagovsky, Jozef"]
[Result "1/2-1/2"]
[WhiteElo "1790"]
[BlackElo "1991"]
[PlyCount "51"]
[EventDate "2011.??.??"]

1. e4 c6 2. d4 d5 3. Nc3 dxe4 4. Nxe4 Bf5 5. Ng3 Bg6 6. h4 h6 7. h5 Bh7 8. Bd3
Bxd3 9. Qxd3 Nf6 10. Nf3 Nbd7 11. Bf4 Qa5+ 12. Bd2 Qc7 13. O-O-O e6 14. c4 Bd6
15. Kb1 O-O 16. Ne4 Nxe4 17. Qxe4 c5 18. Bc3 Nf6 19. Qe2 Rfd8 20. d5 e5 21. Nd2
Qd7 22. Ne4 Qf5 23. Rde1 b5 24. f3 Nxe4 25. fxe4 Qd7 26. cxb5 1/2-1/2

[Event "SR 3. liga A2 2011/2012"]
[Site "?"]
[Date "2012.03.04"]
[Round "10.2"]
[White "Vlkovic, Pavol"]
[Black "Holly, Milan"]
[Result "1/2-1/2"]
[WhiteElo "1838"]
[BlackElo "1865"]
[PlyCount "81"]
[EventDate "2011.??.??"]

1. e4 e6 2. d3 b6 3. g3 Bb7 4. Bg2 Nf6 5. Nf3 d5 6. e5 Nfd7 7. d4 Be7 8. O-O
O-O 9. Re1 c5 10. c3 Nc6 11. a3 Rc8 12. h4 cxd4 13. cxd4 g6 14. Nc3 a6 15. Bh6
Re8 16. Qd2 f6 17. Bh3 f5 18. Ne2 Na5 19. Rab1 Nc4 20. Qf4 b5 21. g4 Nf8 22.
gxf5 exf5 23. Kh2 Ne6 24. Qg3 Rc6 25. Bxf5 Ng7 26. Bxg7 Kxg7 27. Nf4 Rf8 28.
Ne6+ Rxe6 29. Bxe6 Nd2 30. Ng5 Bxg5 31. hxg5 Nxb1 32. Rxb1 Qb6 33. Bg4 Qxd4 34.
Kg1 Qe4 35. Rc1 Rf7 36. e6 d4 37. Qh3 Qf4 38. Rf1 Re7 39. Rd1 Qxg5 40. Qg3 h5
41. Bh3 {necitatelne partiare} 1/2-1/2

[Event "SR 3. liga A2 2011/2012"]
[Site "?"]
[Date "2012.03.04"]
[Round "10.2"]
[White "Pivacek, Jozef"]
[Black "Hornak, Pavol"]
[Result "1-0"]
[WhiteElo "1000"]
[BlackElo "1778"]
[PlyCount "58"]
[EventDate "2011.??.??"]

1. e4 c5 2. Nc3 a6 3. g3 e5 4. Bg2 d6 5. d3 Nf6 6. f4 Nc6 7. f5 b5 8. Bg5 Be7
9. Bxf6 Bxf6 10. Nf3 Ne7 11. g4 g5 12. h4 Nc6 13. hxg5 Bxg5 14. Nd5 Ra7 15. c3
f6 16. Nxg5 fxg5 17. Rh6 Ne7 18. Qf3 Nxd5 19. exd5 Rf7 20. O-O-O Rf6 21. Rdh1
Rxh6 22. Rxh6 Qd7 23. Qh3 Qg7 24. Rxd6 h6 25. Be4 Qf8 26. Qh5+ Ke7 27. Rb6 Kd7
28. Qg6 Qe7 29. d6 Qh7 1-0

[Event "SR 3. liga A2 2011/2012"]
[Site "?"]
[Date "2012.03.04"]
[Round "10.3"]
[White "Merva, Frantisek"]
[Black "Bahna, Jan"]
[Result "1/2-1/2"]
[WhiteElo "2047"]
[BlackElo "1977"]
[PlyCount "51"]
[EventDate "2011.??.??"]

1. e4 {0} e5 2. Nf3 Nc6 3. Bc4 Bc5 4. c3 Nf6 5. d3 O-O 6. b4 Bd6 7. Nbd2 a6 8.
Nf1 b5 9. Bb3 Bb7 10. Ng3 Ne7 11. Bg5 Ng6 12. Nf5 h6 13. Be3 Ng4 14. O-O Nxe3
15. fxe3 Kh7 16. Qe1 Be7 17. Nxe7 Qxe7 18. Qg3 d6 19. h4 Bc8 20. Bd5 Rb8 21. a4
Qd7 22. axb5 axb5 23. Ra7 f6 24. h5 Ne7 25. Nh4 Nxd5 26. Qg6+ 1/2-1/2

[Event "SR 3. liga A2 2011/2012"]
[Site "?"]
[Date "2012.03.04"]
[Round "10.3"]
[White "Halas, Miroslav"]
[Black "Ivan, Imrich"]
[Result "1/2-1/2"]
[WhiteElo "1946"]
[BlackElo "2057"]
[PlyCount "45"]
[EventDate "2011.??.??"]

1. e4 {0} e6 2. d4 d5 3. Nc3 dxe4 4. Nxe4 Nd7 5. Nf3 Ngf6 6. Nxf6+ Nxf6 7. Bg5
Be7 8. Bd3 h6 9. Bh4 O-O 10. Ne5 Nd7 11. Bxe7 Qxe7 12. O-O Nxe5 13. dxe5 Bd7
14. Be4 Rad8 15. Qf3 Bb5 16. Rfd1 b6 17. c3 Rxd1+ 18. Rxd1 Rd8 19. h3 Qg5 20.
Bc2 g6 21. Rxd8+ Qxd8 22. Qe3 Kg7 23. Qd4 1/2-1/2

[Event "SR 3. liga A2 2011/2012"]
[Site "?"]
[Date "2012.03.04"]
[Round "10.3"]
[White "Takacs, Laszlo"]
[Black "Krist, Milan"]
[Result "1-0"]
[WhiteElo "1976"]
[BlackElo "1990"]
[PlyCount "35"]
[EventDate "2011.??.??"]

1. e4 c6 2. d4 d5 3. e5 e6 4. Nf3 c5 5. c3 Nc6 6. Bd3 cxd4 7. cxd4 Bb4+ 8. Nc3
Nge7 9. O-O Ng6 10. Ng5 Be7 11. Qg4 O-O 12. h4 Bxg5 13. Bxg5 Qb6 14. h5 Ngxe5
15. dxe5 Nxe5 16. Qg3 Nxd3 17. Bf6 g6 18. Qg5 1-0

[Event "SR 3. liga A2 2011/2012"]
[Site "?"]
[Date "2012.03.04"]
[Round "10.3"]
[White "Mosny, Jaroslav"]
[Black "Csefalvay, Stefan"]
[Result "0-1"]
[WhiteElo "1941"]
[BlackElo "1916"]
[PlyCount "56"]
[EventDate "2011.??.??"]

1. d4 Nf6 2. Nf3 e6 3. e3 Bb4+ 4. c3 Be7 5. Bd3 O-O 6. O-O d5 7. Nbd2 Nbd7 8.
b3 c5 9. Bb2 b6 10. Ne5 Bb7 11. f4 Rc8 12. Rf3 Ne4 13. Rh3 Ndf6 14. Ndf3 h6 15.
g4 c4 16. bxc4 dxc4 17. Bxc4 Rxc4 18. Nxc4 Nxg4 19. Nce5 Nef2 20. Qf1 Nxh3+ 21.
Qxh3 Nxe3 22. Kf2 Nf5 23. c4 Qd6 24. Rg1 Bxf3 25. Nxf3 Qb4 26. Ba1 Qxc4 27. Nd2
Qc2 28. Ke2 Bf6 0-1

[Event "SR 3. liga A2 2011/2012"]
[Site "?"]
[Date "2012.03.04"]
[Round "10.3"]
[White "Kahancova, Jana"]
[Black "Hagara, Vladimir"]
[Result "1/2-1/2"]
[WhiteElo "1670"]
[BlackElo "1927"]
[PlyCount "62"]
[EventDate "2011.??.??"]

1. e4 {0} c5 2. Nf3 d6 3. d4 cxd4 4. Nxd4 Nf6 5. Nc3 a6 6. Qd3 Nbd7 7. f3 Qc7
8. Be3 b5 9. g4 Bb7 10. Qd2 Nb6 11. Be2 Nc4 12. Bxc4 Qxc4 13. Qe2 e6 14. Qxc4
bxc4 15. O-O-O Be7 16. Rhe1 Nd7 17. h3 O-O 18. Nde2 Rfd8 19. Nf4 Rac8 20. a3
Ne5 21. Rf1 Nd7 22. Nfe2 Nc5 23. Rd2 g6 24. Rfd1 Kf8 25. Bf4 e5 26. Be3 Ne6 27.
Nd5 Bxd5 28. Rxd5 Ng5 29. Ng1 Ne6 30. Ne2 Ng5 31. Ng1 Ne6 1/2-1/2

[Event "SR 3. liga A2 2011/2012"]
[Site "?"]
[Date "2012.03.04"]
[Round "10.3"]
[White "Kolenak, Matus"]
[Black "Matus, David"]
[Result "1-0"]
[WhiteElo "1848"]
[BlackElo "1710"]
[PlyCount "71"]
[EventDate "2011.??.??"]

1. e4 c5 2. Nf3 Nc6 3. d4 cxd4 4. Nxd4 e6 5. g3 Nf6 6. Bg2 Bc5 7. Nb3 Bb6 8.
O-O O-O 9. Nc3 d6 10. Bg5 Bc7 11. Nb5 Ne5 12. Qd4 h6 13. Bxf6 gxf6 14. Rad1 a6
15. Nxc7 Qxc7 16. f4 Nd7 17. Rf2 Qb6 18. Qxd6 Qxd6 19. Rxd6 b5 20. Rfd2 Ra7 21.
Bf1 Rc7 22. Kf2 Nc5 23. Nxc5 Rxc5 24. Ke3 Bb7 25. Rb6 Rc7 26. c3 Rfc8 27. Rbd6
Kg7 28. Rd8 Rc5 29. Rxc8 Bxc8 30. Be2 Kg6 31. h4 h5 32. Rd8 Bb7 33. Kd4 Rc8 34.
Rxc8 Bxc8 35. b3 a5 36. Bxb5 1-0

[Event "SR 3. liga A2 2011/2012"]
[Site "?"]
[Date "2012.03.04"]
[Round "10.3"]
[White "Kahanec, Jan"]
[Black "Puskar, Peter"]
[Result "0-1"]
[WhiteElo "1513"]
[BlackElo "1844"]
[PlyCount "41"]
[EventDate "2011.??.??"]

1. e4 c5 2. Nf3 d6 3. d4 cxd4 4. Nxd4 Nf6 5. Nc3 a6 6. Bd3 e5 7. Nf3 h6 8. Be3
Be6 9. Qd2 Nbd7 10. h3 Be7 11. a3 Qc7 12. g4 d5 13. exd5 Nxd5 14. Be4 Nxe3 15.
Qxe3 Bc5 16. Qd2 Nb6 17. O-O-O Nc4 18. Nd5 Bxd5 19. Qxd5 O-O 20. Kb1 Bxf2 21.
Qxb7 0-1

[Event "SR 3. liga A2 2011/2012"]
[Site "?"]
[Date "2012.03.04"]
[Round "10.3"]
[White "Benkovsky, Peter"]
[Black "Csoltko, Fridrich"]
[Result "1-0"]
[WhiteElo "1468"]
[BlackElo "1315"]
[PlyCount "55"]
[EventDate "2011.??.??"]

1. d4 {0} d5 2. c4 Nf6 3. Nc3 e6 4. a3 Nc6 5. Nf3 dxc4 6. e4 Be7 7. Bxc4 O-O 8.
O-O Nh5 9. Ne1 g6 10. Be3 Bd7 11. f4 f5 12. exf5 Rxf5 13. g4 Rf7 14. gxh5 gxh5
15. Nf3 Bh4 16. Nxh4 Qxh4 17. Ne2 Kh8 18. Qe1 Rg8+ 19. Kh1 Qh3 20. Qf2 Na5 21.
Ba2 Bc6+ 22. d5 exd5 23. Bd4+ Rgg7 24. Bxg7+ Rxg7 25. Nd4 Bd7 26. Bxd5 b6 27.
Rg1 Rxg1+ 28. Rxg1 1-0

[Event "SR 3. liga A2 2011/2012"]
[Site "?"]
[Date "2012.03.04"]
[Round "10.4"]
[White "Veselsky, Jozef"]
[Black "Danada, Tomas"]
[Result "1-0"]
[WhiteElo "2133"]
[BlackElo "2062"]
[PlyCount "83"]
[EventDate "2011.??.??"]

1. d4 Nf6 2. Nf3 g6 3. c4 Bg7 4. Nc3 O-O 5. e4 d6 6. Be2 e5 7. dxe5 dxe5 8.
Qxd8 Rxd8 9. Bg5 Re8 10. Nd5 Nxd5 11. cxd5 c6 12. Bc4 cxd5 13. Bxd5 Nd7 14. Nd2
Nc5 15. O-O Ne6 16. Be3 Nf4 17. Bc4 Be6 18. Bb5 Red8 19. Rfc1 a6 20. Bf1 Rac8
21. g3 Nh5 22. b3 Nf6 23. f3 Nd7 24. Bc4 Nf8 25. Be2 Nd7 26. Nc4 Bf8 27. Kf2
Bxc4 28. Bxc4 Ba3 29. Rd1 Bc5 30. Rac1 Ba3 31. Rb1 Bc5 32. Bd5 Bxe3+ 33. Kxe3
Rc3+ 34. Kf2 Rc2+ 35. Kg1 b6 36. Rbc1 Rxc1 37. Rxc1 Nc5 38. b4 Nd3 39. Rd1 Nxb4
40. Bxf7+ Kxf7 41. Rxd8 Nxa2 42. Rd6 1-0

[Event "SR 3. liga A2 2011/2012"]
[Site "?"]
[Date "2012.03.04"]
[Round "10.4"]
[White "Spacek, Marcel"]
[Black "Darazs, Zoltan"]
[Result "1/2-1/2"]
[WhiteElo "1818"]
[BlackElo "2127"]
[PlyCount "79"]
[EventDate "2011.??.??"]

1. d4 Nf6 2. c4 g6 3. Nc3 d5 4. cxd5 Nxd5 5. e4 Nxc3 6. bxc3 Bg7 7. Bc4 c5 8.
Ne2 Nc6 9. Be3 O-O 10. O-O Qc7 11. Rb1 cxd4 12. cxd4 Nxd4 13. Bxf7+ Rxf7 14.
Bxd4 e5 15. Be3 Be6 16. Qa4 Qc4 17. Qxc4 Bxc4 18. Rb2 Rd7 19. f3 Bf8 20. Kf2 b5
21. Re1 Ba3 22. Rc2 a5 23. Nc3 Bd3 24. Rd2 Bb4 25. Red1 Rad8 26. Nd5 Rxd5 27.
exd5 Bxd2 28. Bxd2 a4 29. Bc3 Rxd5 30. Ke3 e4 31. a3 exf3 32. gxf3 Bc4 33. Rxd5
Bxd5 34. Kf4 Kf7 35. Kg4 h5+ 36. Kg3 g5 37. f4 g4 38. h3 gxh3 39. Kxh3 Kg6 40.
Kh4 1/2-1/2

[Event "SR 3. liga A2 2011/2012"]
[Site "?"]
[Date "2012.03.04"]
[Round "10.4"]
[White "Meszaros, Lorant"]
[Black "Skapik, Branislav"]
[Result "1/2-1/2"]
[WhiteElo "2053"]
[BlackElo "1848"]
[PlyCount "60"]
[EventDate "2011.??.??"]

1. d4 Nf6 2. c4 e6 3. g3 d5 4. Bg2 Bb4+ 5. Bd2 Be7 6. Nf3 b6 7. Ne5 c6 8. Qa4
Bb7 9. Nc3 O-O 10. O-O Nfd7 11. f4 Nxe5 12. fxe5 dxc4 13. Be3 b5 14. Qc2 Qc7
15. Be4 h6 16. Qd2 f5 17. exf6 Bxf6 18. Rad1 Qe7 19. Bg2 Nd7 20. Nxb5 cxb5 21.
Bxb7 Rad8 22. Ba6 Rb8 23. a4 bxa4 24. Bxc4 Nb6 25. Ba2 Nd5 26. Bf4 Nxf4 27.
Rxf4 Kh8 28. Qc2 e5 29. Re4 Rfc8 30. Qxa4 Rxb2 1/2-1/2

[Event "SR 3. liga A2 2011/2012"]
[Site "?"]
[Date "2012.03.04"]
[Round "10.4"]
[White "Nemeckay, Rastislav"]
[Black "Kalmar, Tamas"]
[Result "0-1"]
[WhiteElo "1808"]
[BlackElo "1842"]
[PlyCount "68"]
[EventDate "2011.??.??"]

1. e4 e6 2. d4 d5 3. exd5 exd5 4. Nf3 Nf6 5. Bd3 Bd6 6. O-O O-O 7. Bg5 Bg4 8.
Nbd2 Nbd7 9. Re1 c6 10. c3 Qc7 11. Qc2 Rfe8 12. Bf5 Bxf5 13. Qxf5 h6 14. Bh4
Rac8 15. Rad1 Qb8 16. Nf1 Rxe1 17. Rxe1 Re8 18. Ne3 Qc7 19. g4 Ne4 20. g5 g6
21. Qh3 h5 22. Nf1 Qd8 23. Qg2 Nf8 24. Ne5 Ne6 25. f3 N4xg5 26. Ng3 Bxe5 27.
Rxe5 Nxf3+ 28. Qxf3 Qxh4 29. Qg2 Ng7 30. Nf5 Qf6 31. Nxg7 Rxe5 32. dxe5 Qxe5
33. Qf2 Qg5+ 34. Kf1 Kxg7 0-1

[Event "SR 3. liga A2 2011/2012"]
[Site "?"]
[Date "2012.03.04"]
[Round "10.4"]
[White "Szekely, Stefan"]
[Black "Sadlon, Juraj"]
[Result "1/2-1/2"]
[WhiteElo "1931"]
[BlackElo "1860"]
[PlyCount "81"]
[EventDate "2011.??.??"]

1. c4 Nf6 2. Nc3 e5 3. d3 c6 4. Nf3 d6 5. c5 Bg4 6. cxd6 Qxd6 7. Nd2 Nbd7 8. a3
a5 9. Nde4 Qc7 10. f3 Bf5 11. Be3 Be7 12. Rc1 Nxe4 13. dxe4 Be6 14. Nd5 Qd6 15.
Nxe7 Qxd1+ 16. Rxd1 Kxe7 17. g3 Rhd8 18. Bg2 Bb3 19. Rd2 c5 20. Bh3 b6 21. Bxd7
Rxd7 22. Kf2 Rad8 23. Rxd7+ Rxd7 24. Rc1 Kd6 25. Rc3 Be6 26. Rd3+ Kc6 27. Rxd7
Bxd7 28. Ke1 Kb5 29. Kd2 Kc4 30. Bg5 f6 31. Be3 Kb3 32. Kc1 Bb5 33. f4 Bxe2 34.
fxe5 fxe5 35. Bg5 a4 36. Bd8 b5 37. Bc7 b4 38. axb4 cxb4 39. Bxe5 Bd3 40. Bxg7
Bxe4 41. g4 1/2-1/2

[Event "SR 3. liga A2 2011/2012"]
[Site "?"]
[Date "2012.03.04"]
[Round "10.4"]
[White "Pericka, Pavol"]
[Black "Vegh, Vince"]
[Result "1-0"]
[WhiteElo "1743"]
[BlackElo "1923"]
[PlyCount "107"]
[EventDate "2011.??.??"]

1. e4 c5 2. Bc4 e6 3. Qe2 Be7 4. Nc3 a6 5. a4 Nc6 6. Nf3 d6 7. O-O Nf6 8. d3
O-O 9. Bg5 h6 10. Bf4 d5 11. Bb3 Nh5 12. Be5 Nxe5 13. Nxe5 Nf6 14. f4 Re8 15.
Qf3 d4 16. Ne2 Bd7 17. Ng3 b5 18. f5 Bd6 19. Ng4 Nxg4 20. fxe6 Bxe6 21. Bxe6
fxe6 22. Qxg4 Bxg3 23. Qxg3 Qd7 24. Rf6 Rf8 25. Rxh6 Qf7 26. Rh3 bxa4 27. Qh4
Qf6 28. Qh7+ Kf7 29. Rf3 Qxf3 30. gxf3 Rh8 31. Qxh8 Rxh8 32. Rxa4 Rb8 33. b3
Rb6 34. f4 Kf6 35. h4 Kg6 36. Kf2 Rc6 37. Kg3 Kh5 38. Ra1 Rb6 39. Kf3 g6 40.
Rg1 a5 41. Rg5+ Kh6 42. Rxc5 Rd6 43. Rxa5 Rc6 44. Ra2 Kh5 45. b4 Rb6 46. Rb2
Rb5 47. e5 Rb8 48. b5 Rb6 49. Ke4 Kxh4 50. Kxd4 Kg4 51. Ke4 Rb8 52. c4 Rf8 53.
Rg2+ Kh5 54. c5 1-0

[Event "SR 3. liga A2 2011/2012"]
[Site "?"]
[Date "2012.03.04"]
[Round "10.4"]
[White "Fekete, Robert"]
[Black "Nemeckayova, Monika"]
[Result "1-0"]
[WhiteElo "1893"]
[BlackElo "1757"]
[PlyCount "33"]
[EventDate "2011.??.??"]

1. e4 c5 2. Nf3 a6 3. d4 cxd4 4. Nxd4 Nf6 5. Nc3 e5 6. Nde2 Bc5 7. Bg5 Qb6 8.
Bh4 Ng4 9. Nd5 Bxf2+ 10. Bxf2 Qxf2+ 11. Kd2 Qc5 12. b4 Qc6 13. Nd4 Qh6+ 14. Ke1
O-O 15. Nf5 Qg5 16. h4 Qh5 17. Be2 1-0

[Event "SR 3. liga A2 2011/2012"]
[Site "?"]
[Date "2012.03.04"]
[Round "10.4"]
[White "Sadlon, Matus"]
[Black "Both, Lajos"]
[Result "0-1"]
[WhiteElo "1608"]
[BlackElo "1822"]
[PlyCount "120"]
[EventDate "2011.??.??"]

1. e4 c5 2. Nf3 Nc6 3. d4 cxd4 4. Nxd4 Nf6 5. Nc3 e5 6. Nxc6 bxc6 7. a3 Be7 8.
Be2 O-O 9. O-O d5 10. exd5 cxd5 11. f4 Bc5+ 12. Kh1 e4 13. Na4 Be7 14. Be3 Qa5
15. Nc3 Bb7 16. Qd2 a6 17. Rad1 Rfd8 18. Nb1 Qc7 19. Qc3 Qd6 20. Bd4 Rac8 21.
Qb3 Qc6 22. Rd2 Rd7 23. Rfd1 Rdd8 24. Nc3 Nd7 25. Be3 Nf6 26. Qa4 Qe6 27. Qa5
Rd7 28. Na4 Bd8 29. Bb6 Qc6 30. Bxd8 Rdxd8 31. Nc3 Qd6 32. g3 Qe6 33. Qb4 Qc6
34. Qd4 Rd6 35. Re1 Qd7 36. Red1 Rd8 37. Kg1 Qh3 38. Bf1 Qf5 39. Qe5 Qd7 40.
Be2 Re8 41. Qd4 Qe6 42. Na4 Red8 43. Nc5 Qc8 44. Nxb7 Qxb7 45. Qc3 Rc8 46. Qd4
Rdc6 47. Rc1 R8c7 48. c4 Qb8 49. Rdc2 h6 50. Qe5 Qa7+ 51. Kg2 d4 52. Bf1 d3 53.
Rc3 Qe3 54. Bxd3 Qf3+ 55. Kg1 exd3 56. Qe1 Re6 57. Qf1 Qe3+ 58. Kh1 Rd7 59. Rd1
Qe4+ 60. Kg1 d2 0-1

[Event "SR 3. liga A2 2011/2012"]
[Site "?"]
[Date "2012.03.04"]
[Round "10.5"]
[White "Kapusta, Petr"]
[Black "Mihalik, Anton"]
[Result "1-0"]
[WhiteElo "2158"]
[BlackElo "1965"]
[PlyCount "53"]
[EventDate "2011.??.??"]

1. e4 c5 2. Nf3 d6 3. d4 cxd4 4. Nxd4 Nf6 5. Nc3 a6 6. Be2 e6 7. Be3 Be7 8. O-O
O-O 9. Kh1 Nbd7 10. f4 Qc7 11. Bf3 Rb8 12. g4 Rd8 13. g5 Ne8 14. f5 Ne5 15. Bg2
b5 16. Qh5 b4 17. Nce2 g6 18. Qh4 Nc4 19. fxg6 hxg6 20. Rxf7 Kxf7 21. Qh7+ Ng7
22. Rf1+ Ke8 23. Qxg7 Nxe3 24. Qxg6+ Kd7 25. Qxe6+ Ke8 26. Qf7+ Kd7 27. Bh3+
1-0

[Event "SR 3. liga A2 2011/2012"]
[Site "?"]
[Date "2012.03.04"]
[Round "10.5"]
[White "Manak, Adrian"]
[Black "Strakac, Petr"]
[Result "1-0"]
[WhiteElo "1931"]
[BlackElo "2100"]
[PlyCount "133"]
[EventDate "2011.??.??"]

1. e4 d5 2. exd5 Nf6 3. Bb5+ Bd7 4. Bc4 Bg4 5. f3 Bc8 6. Nc3 Nbd7 7. d4 Nb6 8.
Bb5+ Bd7 9. Bd3 Nbxd5 10. Nxd5 Nxd5 11. c3 e6 12. Qc2 c5 13. Ne2 Bd6 14. O-O
Qc7 15. h3 Rc8 16. Kh1 f5 17. Qd1 O-O 18. c4 Nb4 19. d5 exd5 20. cxd5 c4 21.
Bb1 Qc5 22. Nf4 Bxf4 23. Bxf4 Nxd5 24. Bd2 b5 25. a3 Bc6 26. Re1 Qd4 27. Bb4
Qxd1 28. Rxd1 Rf6 29. Re1 Kf7 30. Bc5 Bd7 31. Bxa7 g6 32. Bc2 Re6 33. Kg1 Ra8
34. Bd4 Rea6 35. Re5 Nb4 36. Re2 Be6 37. Rae1 Nd5 38. g3 Rc6 39. Bb1 Raa6 40.
Rc1 Nc7 41. Rce1 h5 42. h4 Ra8 43. Kf2 Rd8 44. Be5 Na6 45. Bc3 Nc5 46. Rd2
Rxd2+ 47. Bxd2 Na4 48. Bc1 Rd6 49. Bc2 Nc5 50. Be3 Nd7 51. Rd1 Bd5 52. Bf4 Ke7
53. Bxd6+ Kxd6 54. g4 hxg4 55. fxg4 fxg4 56. Bxg6 Ke5 57. h5 Be6 58. Kg3 Kf6
59. Be8 Nc5 60. Bxb5 Kg5 61. Rd4 Kxh5 62. Bxc4 Bf5 63. Rd5 Ne4+ 64. Kf4 Kg6 65.
Rxf5 g3 66. Kxe4 g2 67. Rf1 1-0

[Event "SR 3. liga A2 2011/2012"]
[Site "?"]
[Date "2012.03.04"]
[Round "10.5"]
[White "Brisudova, Veronika"]
[Black "Strapko, Tomas"]
[Result "1/2-1/2"]
[WhiteElo "1864"]
[BlackElo "1932"]
[PlyCount "112"]
[EventDate "2011.??.??"]

1. e4 c5 2. Nf3 Nc6 3. d4 cxd4 4. Nxd4 Nf6 5. Nc3 e5 6. Ndb5 d6 7. Bg5 a6 8.
Na3 b5 9. Nd5 Be7 10. Bxf6 Bxf6 11. c3 Bg5 12. Nc2 Be6 13. Nce3 Bxe3 14. Nxe3
Ne7 15. a4 Rb8 16. axb5 axb5 17. Ra6 Rb6 18. Ra5 Qb8 19. Be2 O-O 20. O-O Rc8
21. Qd2 b4 22. c4 Nc6 23. Ra4 Nd4 24. Bd3 Qb7 25. f4 Nb3 26. Qe2 Nc5 27. Ra5
Nxd3 28. Qxd3 Qc6 29. fxe5 dxe5 30. Rxe5 f6 31. Ra5 Bxc4 32. Nxc4 Qxc4 33.
Qxc4+ Rxc4 34. e5 Rc2 35. Rf2 Rbc6 36. Rb5 Rxf2 37. Kxf2 Rc2+ 38. Kf3 Rxb2 39.
exf6 gxf6 40. Rb7 b3 41. g3 Rb1 42. Ke4 b2 43. Kd3 Rd1+ 44. Kc2 Rh1 45. Kxb2
Rxh2+ 46. Kc1 Rg2 47. Rb3 Kg7 48. Kd1 Kg6 49. Ke1 f5 50. Kf1 Rc2 51. Rb8 Rc7
52. Kg2 Rg7 53. Kf3 Kg5 54. Rb5 h5 55. Rb4 Rg6 56. Ra4 Rh6 1/2-1/2

[Event "SR 3. liga A2 2011/2012"]
[Site "?"]
[Date "2012.03.04"]
[Round "10.5"]
[White "Slaby, Jozef"]
[Black "Vepy, Ivan"]
[Result "1-0"]
[WhiteElo "1856"]
[BlackElo "1948"]
[PlyCount "57"]
[EventDate "2011.??.??"]

1. d4 d5 2. c4 e6 3. e3 Nf6 4. Nf3 Be7 5. Nc3 O-O 6. Bd3 b6 7. cxd5 exd5 8. O-O
Bg4 9. h3 Bh5 10. Be2 c6 11. b3 Nbd7 12. Bb2 h6 13. Rc1 Rc8 14. Qc2 Bg6 15. Bd3
Bxd3 16. Qxd3 Nh7 17. Rc2 Ng5 18. Qe2 Nxf3+ 19. Qxf3 Nf6 20. Rfc1 Qd7 21. e4
dxe4 22. Nxe4 Nd5 23. Re2 Rce8 24. Ng3 Bg5 25. Rce1 Bd2 26. Rxe8 Rxe8 27. Rxe8+
Qxe8 28. Ne4 Qe6 29. Nxd2 1-0

[Event "SR 3. liga A2 2011/2012"]
[Site "?"]
[Date "2012.03.04"]
[Round "10.5"]
[White "Londin, Martin"]
[Black "Curidlo, Jan"]
[Result "1/2-1/2"]
[WhiteElo "1961"]
[BlackElo "1851"]
[PlyCount "114"]
[EventDate "2011.??.??"]

1. e4 c5 2. Nf3 e6 3. c3 Nc6 4. Bb5 a6 5. Bxc6 bxc6 6. d3 d6 7. O-O e5 8. h3
Nf6 9. Qa4 Qc7 10. Nh4 Be6 11. f4 Be7 12. fxe5 dxe5 13. Nf5 Bxf5 14. Rxf5 O-O
15. Na3 Rfd8 16. Rf3 h6 17. Nc4 Nh7 18. Bd2 f6 19. Raf1 Rd7 20. Rg3 Kh8 21. Qd1
Rdd8 22. Qg4 Rg8 23. h4 Qc8 24. Qf3 Qe6 25. Qh5 Ra7 26. b3 a5 27. Ne3 a4 28.
Nf5 Bf8 29. Qg6 axb3 30. axb3 Qf7 31. h5 Rb7 32. Qxf7 Rxf7 33. Nh4 Ng5 34. Bxg5
hxg5 35. Ng6+ Kh7 36. Nxe5 Rb7 37. Nxc6 Rxb3 38. Rc1 Bd6 39. e5 Bc7 40. Rg4 Re8
41. exf6 gxf6 42. Re4 Rxe4 43. dxe4 Bf4 44. Rc2 Bg3 45. Kf1 Kh6 46. Ke2 Kxh5
47. Kf3 Bd6 48. g4+ Kg6 49. Ke3 Rb1 50. Rg2 Rd1 51. Ke2 Ra1 52. Kd3 Re1 53. Na5
Bf4 54. Nc4 Rd1+ 55. Kc2 Re1 56. Kd3 Rd1+ 57. Kc2 Re1 1/2-1/2